Normal view
MARC view
- Tandon, Mahesh Prasad
Entry Personal Name
001 - CONTROL NUMBER
- control field: 5635
003 - CONTROL NUMBER IDENTIFIER
- control field: OSt
005 - DATE AND TIME OF LATEST TRANSACTION
- control field: 20240103042722.0
008 - FIXED-LENGTH DATA ELEMENTS
- fixed length control field: 240103|| aca||aabn | a|a d
040 ## - CATALOGING SOURCE
- Original cataloging agency: OSt
100 ## - HEADING--PERSONAL NAME
- Personal name: Tandon, Mahesh Prasad
